| 000 | 00576nam a22001815i 4500 | ||
|---|---|---|---|
| 001 | 161307 | ||
| 003 | ES-MaACL | ||
| 005 | 20230906212241.0 | ||
| 008 | 041018q18161828xxk |||| | eng d | ||
| 040 |
_aCAM _bspa _cCAM |
||
| 100 | 1 |
_aPaley, William. _9130795 |
|
| 245 | 1 | 0 |
_aMoral and political Philosophy / _cby Archedeacon Paley. |
| 260 |
_aLondon : _b[s.n.], _c[s.a.] ( _fJ. F. Dove) |
||
| 300 |
_aXX, 384 p. ; _c14 cm. |
||
| 596 | _aEl editor ejerce en el primer tercio del S. XIX. | ||
| 752 |
_aGran BretaƱa - _dLondres |
||
| 852 |
_aES-MaACL _jD-4029 _z-- Enc. tela |
||
| 999 |
_c161307 _d161307 |
||